| 000 | 01103nam a2200229 a 4500 | ||
|---|---|---|---|
| 001 | BRCA_9068 | ||
| 005 | 20190320210519.0 | ||
| 008 | 040917s1763----sp-#######---#000-0#lat-# | ||
| 041 | _alat | ||
| 084 |
_aCO17 _b.C85 1763 |
||
| 100 | 1 |
_aCujas, Jacques _d1522 - 1590 _922429 |
|
| 245 | 1 | 0 |
_aPromptuarium universorum operum Jacobi Cujacii _blectionibus variantibus codicis,novellarum constitutionum, institutionum divi Justiniani, feudorum, & Li. II. III. & IV. epistolarum decretalium gegorii IX. accommodatum inter se lectionibus praesertim titulorum, & legum florentinae, vulgataeque editionis Pandectarum sive Digestorum accommodatum _ccura, et industria Dominici Albanensis... ; tomus secundus. |
| 260 |
_aNeapoli _bEx typographia simoniana _c1763 |
||
| 300 | _a347 p. (t.2) | ||
| 500 | _aSiperiorum facultate | ||
| 500 | _aEstado físico: presenta encuadernación en pergamino con cantos decorados | ||
| 650 | 1 | 4 |
_aDerecho romano _vIndices _922430 |
| 650 | 1 | 4 |
_aCorpus juris civilis _vIndices _922431 |
| 700 | 1 |
_aAlbanese, Domenico _dfl. 1760 _ecompilador _922432 |
|
| 902 | _aCFM | ||
| 942 |
_2lcc _cB |
||
| 999 |
_c8718 _d8718 |
||